000 00598nab a2200193 4500
001 244442
003 OSt
005 20230807125213.0
007 tu
008 200917s2020|||||||
040 _aDE-2950
_cDE-2950
245 0 0 _aFilm ab auf dem Ziegenwerder.
_bVeranstaltungen. Mitte August startet auf Frankfurts beschaulicher Flussinsel wieder der Open-Air-Kinosommer/
_cred
264 _c2023
653 _aFrankfurt (Oder)
653 _aZiegenwerder
653 _aOpen-Air-Kino
773 0 _g34. Jahrgang (2023) Nr. 182 vom 07.08.2023, S. 13, mit Foto
_tMärkische Oderzeitung
942 _2z
_cA
999 _c372672
_d372672